Les 10 Meilleurs Buteurs De l'As Monaco Depuis 1970 - Statistiques

Statistiques générales
  • Ce quiz a été pris 95 fois
  • Le résultat moyen est 5 sur 10
Statistiques - réponses
Ordre Poste Nationalité Joueur Nombre
De Buts
Nombre de Matchs
Joués avec le club
Saisons % Correct
3 A Colombie RadamelFalcao 83 140 2013 -20142016 - 2019
95%
2 A France WissamBen Yedder 118 201 2019 - 2024
93%
9 A Libéria GeorgeWeah 66 149 1988 - 1992
86%
8 M/A France LudovicGiuly 67 313 1997 - 20042011 - 2012
54%
1 A Argentine DelioOnnis 223 279 1973 - 1980
48%
7 A RépubliqueDémocratique Du Congo ShabaniNonda 67 145 2000 - 2005
47%
6 A Brésil SonnyAnderson 67 117 1994 - 1997
46%
4 A Nigéria VictorIkpeba 77 223 1993 - 1999
25%
5 M France YouriDjorkaeff 68 197 1990 - 1995
16%
10 A France ChristianDalger 64 263 1971 - 1980
1%
Aucun quiz correspondant
Distribution des résultats
% des personnes avec chaque résultat
Percentile par nombre de réponses
Votre historique - résultats
Vous n’avez pas pris ce quiz